| 000 | 004380000a22001690004500 | ||
|---|---|---|---|
| 003 | MACL | ||
| 005 | 20151231160505.0 | ||
| 008 | 151231b xxu||||| |||| 00| 0 eng d | ||
| 040 |
_aMACL _cMACL |
||
| 041 | _aEnglish | ||
| 082 | _a330/BIR | ||
| 100 |
_aBirnie, Arthur _925901 |
||
| 245 | _aAn Economic History of The British Isles | ||
| 260 |
_bMethuen & Co. Ltd _c1950 _aLondon |
||
| 650 |
_aEconomics _925902 |
||
| 942 |
_cBK _k330/BIR _2ddc |
||
| 999 |
_c34886 _d34886 |
||